Liste des Pokémon de type Fée - Statistiques

Statistiques générales
  • Ce quiz a été pris 2 863 fois
    247 depuis la dernière actualisation
  • Le résultat moyen est 56 sur 72
Statistiques - réponses
Pokémon % Correct
Mélo
97%
Mélodelfe / Méga-Mélodelfe
97%
Mélofée
96%
Gardevoir / Méga-Gardevoir
94%
Rondoudou
93%
Xerneas
93%
Grodoudou
92%
Kirlia
92%
Tarsal
92%
Toudoudou
89%
Azumarill
88%
Marill
87%
Nymphali
87%
Sucroquin
86%
Azurill
85%
Florges
85%
Cupcanaille
84%
Diancie / Méga-Diancie
84%
Floette / Méga-Floette
84%
Méga-Altaria
84%
Cocotine
83%
Angoliath
82%
Flabébé
82%
Fluvetin
82%
Forgelina
82%
Grimalin
82%
Tokopiyon
82%
Togekiss
81%
Togepi
81%
Tokopisco
81%
Tokorico
81%
Tokotoro
81%
Granbull
80%
Strassie
80%
Arceus (Fée)
79%
Forgella
79%
Mimiqui
79%
Togetic
79%
Forgerette
78%
Fourbelin
77%
Doudouvet
76%
Farfaduvet
76%
Magearna / Méga-Magearna
76%
Mysdibule / Méga-Mysdibule
76%
Oratoria
76%
Silvallié (Type : Fée)
76%
Snubbull
76%
Zacian
76%
Dedenne
75%
Feunard d'Alola
72%
Flotte-Mèche
72%
Sorcilence
72%
Trousselin
72%
Bombydou
71%
Lampignon
71%
Rubombelle
70%
Mime Jr.
69%
M. Mime
69%
Briochien
68%
Crèmy
68%
Garde-de-Fer
68%
Spododo
68%
Charmilly
67%
Méga-Nanméouïe
67%
Pâtachiot
67%
Amovénus
66%
Galopa de Galar
66%
Guérilande
65%
Favianos
63%
Hurle-Queue
58%
Smogogo de Galar
58%
Méga-Méganium
49%
Aucun quiz correspondant
Distribution des résultats
% des personnes avec chaque résultat
Percentile par nombre de réponses
Votre historique - résultats
Vous n’avez pas pris ce quiz depuis la dernière actualisation